Elementos de física esperimental (Registro nro. 37827)
[ vista simple ]
| 000 -ENCABEZADO | |
|---|---|
| Número de control [NR] | 01908nam a2200313Ia 4500 |
| 008 - DE LONGITUD FIJA DE DATOS DE ELEMENTOS - INFORMACIÓN GENERAL | |
| Elementos de longitud fija [NR] | 130821s1886 sp af gr spa |
| 040 ## - FUENTE DE CATALOGACION [NR] | |
| Agencia de catalogación original [NR] | Co-BoUCM |
| Idioma de catalogación [NR] | spa |
| 041 1# - CODIGO DE IDIOMA [R] | |
| Código de idioma para texto/pista de sonido o título separado [R] | Español |
| Language code of original and/or intermediate translations of text | fre |
| 092 ## - SIGNATURA TOPOGRAFICA LOCAL | |
| Número de clasificación local | E21N046 |
| 100 1# - ASIENTO PRINCIPAL--NOMBRE PERSONAL [NR] | |
| Nombre personal [NR] | Rubio y Diaz, Vicente. |
| 245 10 - MENCION DE TITULO [NR] | |
| Título [NR] | Elementos de física esperimental |
| Mención de responsabilidad, etc. [NR] | por D. Vicente Rubio y Diaz. |
| 250 ## - MENCION DE EDICION [NR] | |
| Mención de edición [NR] | 2a ed. |
| 260 ## - PUBLICACION, DISTRIBUCION, ETC. (PIE DE IMPRENTA) [R] | |
| Lugar de publicación, distribución, etc. [R] | Cádiz (Andalucía, Espaa) |
| Nombre del editor, distribuidor, etc. [R] | Imprenta de la revist médica de Don Federico July |
| Fecha de publicación, distribución, etc. [R] | 1886 |
| 300 ## - DESCRIPCION FISICA [R] | |
| Extensión [R] | vii, [1], 540 páginas |
| Otros detalles físicos [NR] | ilustraciones, láminas |
| 500 ## - NOTA GENERAL [R] | |
| Nota general [NR] | Detalles físicos: Encuadernación en cartón forrada en papel, lomo en cuero con adornos repujados, letras en dorado; notorio desgaste en tapas y lomo. Conserva parte de las guardas, anteportada y portada impresa a una sola tinta. Texto impreso en una sola columna sobre papel de buena calidad, ilustraciones y laminas de buena calidad entre el texto. Bordes de pagina con algunos dobleces. Sellos de tinta en la portada, papel con algunas manchas de humedad. |
| 505 0# - NOTA DE CONTENIDO CON FORMATO PREESTABLECIDO [R] | |
| Nota de contenido con formato preestablecido [NR] | Propiedades de los cuerpos y sus aplicaciones: Materia, cuerpo, fuerza y movimiento. ; Estudio de los cuerpos al estado sólido. ; Estudio de los cuerpos al estado liquido. ; Estudio de los cuerpos al estado gaseoso. ; Acústica -- Agentes físicos y sus aplicaciones: Fenómenos luminosos. ; Fenómenos del calor. ; Fenómenos del llamado magnetismo. ; Fenómeno de la electricidad. ; Nociones de meteorología. ; Apéndice breve noción acerca de la unidad de la fuerza física. |
| 506 ## - NOTA DE RESTRICCIONES DE ACCESO [R] | |
| Condiciones de acceso [NR] | Consulta en sala. |
| 650 04 - ASIENTO SECUNDARIO DE MATERIA - TERMINO TEMATICO [R] | |
| Término temático o nombre geográfico como elemento de entrada [NR] | Ciencias naturales |
| 9 (RLIN) | 10813 |
| 650 04 - ASIENTO SECUNDARIO DE MATERIA - TERMINO TEMATICO [R] | |
| Término temático o nombre geográfico como elemento de entrada [NR] | Cinemática |
| 9 (RLIN) | 10860 |
| 650 04 - ASIENTO SECUNDARIO DE MATERIA - TERMINO TEMATICO [R] | |
| Término temático o nombre geográfico como elemento de entrada [NR] | Electricidad |
| 9 (RLIN) | 13958 |
| 650 04 - ASIENTO SECUNDARIO DE MATERIA - TERMINO TEMATICO [R] | |
| Término temático o nombre geográfico como elemento de entrada [NR] | Física |
| 9 (RLIN) | 15907 |
| 650 04 - ASIENTO SECUNDARIO DE MATERIA - TERMINO TEMATICO [R] | |
| Término temático o nombre geográfico como elemento de entrada [NR] | Fluidos |
| 9 (RLIN) | 15983 |
| 650 04 - ASIENTO SECUNDARIO DE MATERIA - TERMINO TEMATICO [R] | |
| Término temático o nombre geográfico como elemento de entrada [NR] | Fuerza y energía |
| 9 (RLIN) | 16175 |
| 650 04 - ASIENTO SECUNDARIO DE MATERIA - TERMINO TEMATICO [R] | |
| Término temático o nombre geográfico como elemento de entrada [NR] | Gases |
| 9 (RLIN) | 16271 |
| 650 04 - ASIENTO SECUNDARIO DE MATERIA - TERMINO TEMATICO [R] | |
| Término temático o nombre geográfico como elemento de entrada [NR] | Meteorología |
| 9 (RLIN) | 19412 |
| 700 1# - ASIENTO SECUNDARIO - NOMBRE PERSONAL [R] | |
| Nombre personal [NR] | July, Federico |
| Término de relación [R] | |
| 942 ## - ELEMENTOS DE ENTRADA AGREGADOS (KOHA) | |
| Tipo de ítem principal el descrito en 300a | Libro |
| Tema principal | Ciencias puras |
| Edición | 2 |
| Sistema de clasificación | DEWEY |
| Clasificación | 530 |
| Total préstamos | Código de barras | Última vez visto | Volúmen / Fascículo | Ejemplar | Price effective from | Tipo de ítem | Perdido | Sistema de clasificación | Dañado | No prestable | Tipo de ítem específico | Suprimido | Ubicación habitual | Ubicación actual | Localización | Fecha de creación | Forma de adquisición | Costo |
|---|---|---|---|---|---|---|---|---|---|---|---|---|---|---|---|---|---|---|
| L003155 | 15/12/2012 | E21N046 | Ej.1 | 03/02/2013 | Libro | DEWEY | Libro archivo | Archivo Histórico | Archivo histórico | 28/02/2013 | Donación | 0.00 |